| 000 | 01176nam2a22002531 4500 | ||
|---|---|---|---|
| 001 | rc\205061 | ||
| 005 | 20250612170127.0 | ||
| 010 |
_a5-7244-0019-7 _bNBN _950000 |
||
| 035 | _a(NLR Aleph) 008740389 | ||
| 090 |
_a9529407 _c9529407 |
||
| 100 | _a20030307d1993 |||y0rusy50 ca | ||
| 101 | 0 | _arus | |
| 102 | _aRU | ||
| 105 | _ay ||||||||| | ||
| 200 | 1 |
_aПо ком звонит колокол _eРоман _fПер. Н. Волжиной, Е. Калашниковой |
|
| 210 |
_d1993 _aБ. м. |
||
| 215 | _a367, [1] с. | ||
| 461 | 0 |
_1001rc\205057 _12001#$aСобрание сочинений$eВ 6 т.$eПер. с англ.$fЭрнест Хемингуэй$gПод общ. ред. Б. Грибанова и др.$g[Вступ. ст. Б. Грибанова]$vТ. 4 _1700#1$aХемингуэй$bЭ.$gЭрнест$f1899-1961$3RU\NLR\AUTH\777882 _97817180 _aХемингуэй, Э. (1899-1961) _cМ. _d1993- _fЭрнест Хемингуэй _nНугешиинвест _oВ 6 т. : Пер. с англ. _tСобрание сочинений _vТ. 4 |
|
| 801 | 0 |
_aRU _bNLR _gpsbo |
|
| 801 | 1 |
_aRU _bELAR _2rusmarc |
|
| 852 |
_aNLR _j93-5/2187 |
||
| 942 | _cBOOK | ||
| 980 | _aNB | ||